<?xml version="1.0" encoding="UTF-8"?>
<record
    xmlns:xsi="http://www.w3.org/2001/XMLSchema-instance"
    xsi:schemaLocation="http://www.loc.gov/MARC21/slim http://www.loc.gov/standards/marcxml/schema/MARC21slim.xsd"
    xmlns="http://www.loc.gov/MARC21/slim">

  <leader>00843nam a2200265   4500</leader>
  <controlfield tag="001">32797</controlfield>
  <datafield tag="010" ind1=" " ind2=" ">
    <subfield code="a">9789727932450</subfield>
  </datafield>
  <datafield tag="021" ind1=" " ind2=" ">
    <subfield code="a">PT</subfield>
    <subfield code="b">452271/19</subfield>
  </datafield>
  <datafield tag="090" ind1=" " ind2=" ">
    <subfield code="a">32797</subfield>
  </datafield>
  <datafield tag="100" ind1=" " ind2=" ">
    <subfield code="a">20191015d2019    c  y0pory50030103ba</subfield>
  </datafield>
  <datafield tag="101" ind1="1" ind2=" ">
    <subfield code="a">por</subfield>
  </datafield>
  <datafield tag="102" ind1=" " ind2=" ">
    <subfield code="a">PT</subfield>
  </datafield>
  <datafield tag="200" ind1="1" ind2=" ">
    <subfield code="a">Os lobos que vieram para o jantar</subfield>
    <subfield code="f">Steve Smallman</subfield>
    <subfield code="g">il. Jo&#xEB;lle Dreidemy</subfield>
    <subfield code="g">trad. Pedro Costa</subfield>
  </datafield>
  <datafield tag="205" ind1=" " ind2=" ">
    <subfield code="a">1&#xAA;.  ed.</subfield>
  </datafield>
  <datafield tag="210" ind1=" " ind2=" ">
    <subfield code="a">Estoril</subfield>
    <subfield code="c">Minutos de Leitura</subfield>
    <subfield code="d">2019</subfield>
  </datafield>
  <datafield tag="215" ind1=" " ind2=" ">
    <subfield code="a">[26] p.</subfield>
    <subfield code="c">il.</subfield>
    <subfield code="d">24 cm</subfield>
  </datafield>
  <datafield tag="675" ind1=" " ind2=" ">
    <subfield code="a">087.5</subfield>
    <subfield code="v">BN</subfield>
    <subfield code="z">por</subfield>
  </datafield>
  <datafield tag="675" ind1=" " ind2=" ">
    <subfield code="a">821.111-93"20"</subfield>
    <subfield code="v">BN</subfield>
    <subfield code="z">por</subfield>
  </datafield>
  <datafield tag="675" ind1=" " ind2=" ">
    <subfield code="a">821.111-34"20"</subfield>
    <subfield code="v">BN</subfield>
    <subfield code="z">por</subfield>
  </datafield>
  <datafield tag="700" ind1=" " ind2=" ">
    <subfield code="a">Smallman</subfield>
    <subfield code="b">Steve</subfield>
    <subfield code="f">1959-</subfield>
    <subfield code="4">070</subfield>
    <subfield code="9">4357</subfield>
  </datafield>
  <datafield tag="701" ind1=" " ind2=" ">
    <subfield code="4">440</subfield>
    <subfield code="9">4358</subfield>
    <subfield code="a">Dreidemy</subfield>
    <subfield code="b">Jo&#xEB;lle</subfield>
  </datafield>
  <datafield tag="702" ind1=" " ind2=" ">
    <subfield code="9">2529</subfield>
    <subfield code="a">Costa</subfield>
    <subfield code="b">Pedro</subfield>
    <subfield code="4">730</subfield>
  </datafield>
  <datafield tag="801" ind1=" " ind2="0">
    <subfield code="a">PT</subfield>
    <subfield code="b">BN</subfield>
    <subfield code="g">RPC</subfield>
  </datafield>
  <datafield tag="856" ind1="4" ind2="1">
    <subfield code="u">http://rnod.bnportugal.gov.pt/ImagesBN/winlibimg.aspx?skey=&amp;doc=2031320&amp;img=131066&amp;save=true</subfield>
  </datafield>
  <datafield tag="990" ind1=" " ind2=" ">
    <subfield code="c">LIVROS</subfield>
  </datafield>
  <datafield tag="995" ind1=" " ind2=" ">
    <subfield code="0">0</subfield>
    <subfield code="1">0</subfield>
    <subfield code="9">45635</subfield>
    <subfield code="b">BMVA</subfield>
    <subfield code="d">BMVA</subfield>
    <subfield code="f">0032498</subfield>
    <subfield code="k">087.5 SMA</subfield>
    <subfield code="m">2025-10-07</subfield>
    <subfield code="o">0</subfield>
    <subfield code="r">LIVROS</subfield>
    <subfield code="u">AT&#xC9; AOS 6 ANOS</subfield>
  </datafield>
</record>
